The dating of Beowulf /

Bibliographic Details
Corporate Author: University of Toronto. Centre for Medieval Studies
Other Authors: Chase, Colin
Format: Book
Language:English
Published: Toronto ; Buffalo : Published in association with the Centre for Medieval Studies, University of Toronto, by University of Toronto Press, [1981]
Series:Toronto Old English series ; 6.
Subjects:

MARC

Tag First Indicator Second Indicator Subfields
LEADER 00000cam a2200000 a 4500
001 in00000087429
005 20151008064757.0
008 811203s1981 onc b 00100 eng d
020 |a 0802055761 
035 |a (OCoLC)07974106 
035 |9 AAK4780AM 
040 |a AMH  |c AMH  |d TXA  |d UtOrBLW 
049 |a TXAM  |c [802155] 
090 |a PR1585  |b .D3 
245 0 4 |a The dating of Beowulf /  |c edited by Colin Chase. 
264 1 |a Toronto ;  |a Buffalo :  |b Published in association with the Centre for Medieval Studies, University of Toronto, by University of Toronto Press,  |c [1981] 
264 4 |c ©1981 
300 |a ix, 220 pages ;  |c 26 cm. 
336 |a text  |b txt  |2 rdacontent 
337 |a unmediated  |b n  |2 rdamedia 
338 |a volume  |b nc  |2 rdacarrier 
490 1 |a Toronto Old English series ;  |v 6 
504 |a Includes bibliographical references and index. 
630 0 0 |a Beowulf  |x Manuscripts. 
650 0 |a Manuscript dating. 
700 1 |a Chase, Colin. 
710 2 |a University of Toronto.  |b Centre for Medieval Studies. 
830 0 |a Toronto Old English series ;  |v 6. 
999 |a MARS 
999 f f |s 1ea926f1-cf93-3b65-9323-cedcc953dd64  |i 53afcfd2-a036-3c98-bc4f-d5137eb73e00  |t 0 
952 f f |p normal  |a Texas A&M University  |b College Station  |c Sterling C. Evans Library  |d Evans: Library Stacks  |t 0  |e PR1585 .D3  |h Library of Congress classification  |i unmediated -- volume  |m A14806183675 
998 f f |a PR1585 .D3  |t 0  |l Evans: Library Stacks